| 000 | 01008na a2200325 4500 | ||
|---|---|---|---|
| 999 |
_c6504 _d6504 |
||
| 001 | 21199 | ||
| 003 | MIRAKIL | ||
| 005 | 20200624145837.0 | ||
| 008 | 170202b tu 000 0 | ||
| 035 | _a20697 | ||
| 040 |
_aMilas _btur _cTR-AnCHP |
||
| 041 | _atur | ||
| 082 |
_aCHP 364.13 _bC36y [2015] |
||
| 090 | _aCHP 364.13 C36y [2015] | ||
| 110 | _aCumhuriyet Halk Partisi (CHP) | ||
| 245 |
_aYolsuzlun kitabı -1 _bKamu alımlar _cCHP |
||
| 246 | _aKamu alımlar | ||
| 260 |
_aAnkara _bCHP _c2015. |
||
| 300 |
_a49 s. _brnkl. grf. _c21 sm. |
||
| 440 |
_aCumhuriyet Halk Partisi yayınları _pRaporlar |
||
| 610 |
_aCumhuriyet Halk Partisi (CHP) _xRaporlar _yYolsuzluklar |
||
| 610 | _aKamu İhale Kurumu | ||
| 650 |
_aKamu ihaleleri _xYolsuzluklar |
||
| 650 | _aKamu ihale hukuku | ||
| 830 | _aCHP raporları | ||
| 942 |
_2ddc _cBKS |
||
| 999 | _d6504 | ||